Fruni dostal jedenásť a pol roka

Podrobná bibliografia
Médium: Článok
Jazyk:slovenčina
PhysicalDescription:Obr.
ISSN:1335-4566
Predmet:
On-line prístup:www.korzar.sk

MARC

LEADER 00000nab a2200000 a 4500
001 vtls008934673
003 SK-MaSNL
005 20260303070612.0
008 171108 20070111xo dr er 000 0 slo
038 |a KEVKJB 
040 |a KEVKJB  |b slo  |c KEVKJB  |e AACR2 
041 0 |a slo 
044 |a xo  |c SK 
080 |a 343.537  |2 2001 
245 0 0 |a Fruni dostal jedenásť a pol roka  |c [autor] (mož) 
300 |b Obr. 
600 1 7 |a Fruni, Vladimír  |2 kevkjb  |9 878919 
610 2 7 |a BMG Invest (Slovensko)  |x podvody finančné  |2 kevkjb  |9 843939 
610 0 7 |a Horizont Slovakia  |2 kevkjb  |9 29083 
650 0 7 |a rozsudky  |x Fruni, Vladimír  |2 kevkjb  |9 1068248 
651 7 |a Košice (Slovensko)  |2 kevkjb  |9 18694 
773 0 |t Košický denník Korzár  |g Roč. X, č. 8 (11.1.2007), s. 1, 3  |x 1335-4566 
852 |a KEVKJB  |b KIS3GCP 
856 4 1 |u www.korzar.sk 
999 |c 1756086  |d 1758016